Física general : (Registro nro. 13091)
[ vista simple ]
| 000 -LIDER | |
|---|---|
| fixed length control field | 00543nam a22001817a 4500 |
| 003 - IDENTIFICACDOR DE NÚMERO DE CONTROL | |
| control field | DO-SdBNP |
| 005 - DATE AND TIME OF LATEST TRANSACTION | |
| control field | 20171124124825.0 |
| 008 - ELEMENTOS DE LONGITUD FIJA | |
| fixed length control field | 171124b mx1983u||||| |||| 00| 0 spa d |
| 040 ## - FUENTE DE CATALOGACIÓN | |
| Agencia que crea de manera original el registro | BPMSU |
| Idioma de catalogación | spa |
| Agencia que realiza la transcripción | BPMSU |
| 100 ## - ASIENTO PRINCIPAL -- NOMBRE PERSONAL | |
| Nombre personal | Alvarenga, Beatriz |
| 245 1# - MENCIÓN DE TITULO | |
| Título | Física general : |
| Subtítulo | con experimentos sencillos |
| 250 ## - MENCIÓN DE EDICION | |
| Mención de edición | 3a.ed. revisada y actualizada |
| 260 ## - PUBLICACIÓN, DISTRIBUCIÓN, ETC. (PIE DE IMPRENTA) | |
| Lugar de publicación, distribución, etc | México, D.F. : |
| Nombre del editor, distribuidor, etc. | Harla, |
| Fecha de publicación, distribución, etc | 1981 |
| 300 ## - DESCRIPCIÓN FÍSICA | |
| Extensión | xiv, 976p.; |
| Otros detalles físicos | il. ; |
| Dimensiones | 23 cm. |
| 700 ## - ASIENTO SECUNDARIO -- NOMBRE PERSONAL | |
| Nombre personal | Ribeiro da Luz, Antônio Máximo |
| 942 ## - ADDED ENTRY ELEMENTS (KOHA) | |
| Source of classification or shelving scheme | Dewey Decimal Classification |
| Koha item type | Libros |
| 945 ## - INFORMACIÓN DE PROCESAMIENTO LOCAL | |
| Información de procesamiento local | Inventariado, 2017/MFF |
| Withdrawn status | Lost status | Source of classification or shelving scheme | Damaged status | Not for loan | Collection code | Home library | Current library | Date acquired | Total Checkouts | Barcode | Date last seen | Price effective from | Koha item type |
|---|---|---|---|---|---|---|---|---|---|---|---|---|---|
| Dewey Decimal Classification | Colección General | Biblioteca Pública Metropolitana Salomé Ureña | Biblioteca Pública Metropolitana Salomé Ureña | 11/24/2017 | BPMSU17110424 | 11/24/2017 | 11/24/2017 | Libros |